000
00176 a2200085 4500
001
61989
090
_c
37155
_d
37155
245
_a
The Host; (A Novel)
260
_a
Great Britain
_b
Atom
_c
2008
942
_a
NUST-CAE
999
_c
297062
_d
297062